Gracie Abrams - I should hate you (Lyrics) - Statistics

General Stats
  • This quiz has been taken 254 times
  • The average score is 242 of 298
Answer Stats
Answer % Correct
I
100%
I?
100%
you
99%
you,
99%
hate
98%
my
98%
should
97%
the
94%
that
93%
Like
92%
feel
91%
in
91%
to
91%
car
89%
stupid
89%
crashed
88%
Then
88%
and
87%
And
87%
almost
86%
know
86%
think
86%
where
86%
Where
86%
are
85%
All
84%
all
84%
is
83%
about
82%
hell
82%
even
81%
ever
81%
If
81%
if
81%
I'd
80%
loved
80%
of
80%
talk
80%
but
78%
But
78%
dark
78%
home
78%
it
78%
table
78%
night,
77%
was
77%
when
77%
At
76%
Driving
76%
Last
76%
hard
75%
kitchen
75%
your
75%
less
74%
we
74%
alone
73%
kill
73%
who
73%
God
71%
Making
71%
swear
71%
for
70%
furniture
70%
pretend
70%
try
70%
didn't
69%
tried
68%
best
67%
listened
67%
spiralled
67%
Wasn't
67%
wasn't
67%
would
67%
you're
67%
back,
65%
back
65%
left
65%
this
65%
were
65%
I'll
64%
mental
64%
'Cause
63%
'cause
63%
right
63%
call
62%
one
62%
up
62%
went
62%
No,
61%
through
61%
time,
61%
conditions,
60%
don't
60%
give
60%
shit
60%
Thinking
60%
way
60%
doing
58%
supposed
58%
house
57%
without
57%
any
56%
happen
56%
stay
56%
still
56%
After
55%
credit
55%
drive
55%
get
55%
perfect,
55%
console
54%
it's
54%
kinda
54%
knife
54%
head
53%
forgiveness
52%
not
52%
wasted
52%
breath
51%
out
51%
Because
50%
disappointed
50%
door
50%
here,
50%
forget,
48%
open
48%
Pulled
48%
aim's
47%
alright
45%
broken
45%
just
45%
mind
45%
strong
45%
something
44%
How
43%
standards
43%
drank
42%
bend
38%
Bet
29%
No matching quizzes found
Score Distribution
Percent of People with Each Score
Percentile by Number Answered
Your Score History
You have not taken this quiz